| 000 | 01983cam a2200493 a 4500 | ||
|---|---|---|---|
| 001 | modernphysics00kran | ||
| 003 | CaSfIA | ||
| 005 | 20210118190152.0 | ||
| 007 | cr|||| | ||
| 008 | 820607s1983 nyua 001 0 eng | ||
| 010 | _a 82011096 | ||
| 040 |
_aDLC _cDLC _dMUQ _dBAKER _dBTCTA _dYDXCP _dZWZ _dDEBBG _dCaSfIA |
||
| 020 |
_a0471079634 : _c$23.95 (est.) |
||
| 020 | _a9780471079637 | ||
| 035 | _a(OCoLC)8552530 | ||
| 050 | 0 | 0 |
_aQC21.2 _b.K7 1983 |
| 082 | 0 | 0 |
_a539 _219 |
| 084 |
_aPHY 001f _2stub |
||
| 100 | 1 | _aKrane, Kenneth S. | |
| 245 | 1 | 0 |
_aModern physics / _h[electronic resource] _cKenneth S. Krane. |
| 260 |
_aNew York : _bWiley, _cc1983. |
||
| 300 |
_axiii, 512 p. : _bill. ; _c27 cm. |
||
| 500 | _aIncludes index. | ||
| 650 | 0 | _aPhysics. | |
| 650 | 6 | _aPhysique. | |
| 650 | 7 |
_aPhysique. _2ram |
|
| 650 | 0 | 7 |
_aLehrbuch. _2swd |
| 650 | 0 | 7 |
_aPhysik. _2swd |
| 776 | 0 | 8 |
_iOnline version: _aKrane, Kenneth S. _tModern physics. _dNew York : Wiley, c1983 _w(OCoLC)645897130 |
| 856 | 4 | 2 |
_3Publisher description _uhttp://www.loc.gov/catdir/enhancements/fy0607/82011096-d.html |
| 856 | 4 | 1 |
_3Table of contents only _uhttp://www.loc.gov/catdir/enhancements/fy0607/82011096-t.html |
| 856 | 4 | 1 |
_uhttp://www.archive.org/details/modernphysics00kran _zFree eBook from the Internet Archive |
| 856 | 4 | 2 |
_uhttp://www.openlibrary.org/books/OL3491299M _zAdditional information and access via Open Library |
| 029 | 1 |
_aNLGGC _b821663674 |
|
| 029 | 1 |
_aNZ1 _b2849874 |
|
| 029 | 1 |
_aAU@ _b000002257739 |
|
| 029 | 1 |
_aZWZ _b024676578 |
|
| 029 | 1 |
_aUNITY _b023866756 |
|
| 029 | 1 |
_aUKJSY _b0471892424 |
|
| 029 | 1 |
_aDEBBG _bBV002124210 |
|
| 942 | _cEB | ||
| 506 | _fНеобхідна авторизація на https://archive.org/ (створення облікового запису безкоштовно) | ||
| 506 | _fНеобхідна авторизація на https://openlibrary.org/ (створення облікового запису безкоштовно) | ||
| 999 |
_c526290 _d526290 |
||